000 00280nam a22001217a 4500
008 170831b xxu||||| |||| 00| 0 eng d
041 _aeng
080 _a070
100 _a40
101 _aMED
245 _a[PUBLICSPEAKING AND CIVIC ENGAMENT
_cHOGAN.J.M
942 _2udc
_cBK
999 _c25829
_d25829